LIBRARY & INFORMATION CENTRE, KCAET, TAVANUR

ONLINE PUBLIC ACCESS CATALOGUE (OPAC)

Fall (Record no. 17795)

MARC details
000 -LEADER
fixed length control field 00431nam a22001817a 4500
003 - CONTROL NUMBER IDENTIFIER
control field OSt
008 - FIXED-LENGTH DATA ELEMENTS--GENERAL INFORMATION
fixed length control field 231114b |||||||| |||| 00| 0 eng d
041 ## - LANGUAGE CODE
Language code of text/sound track or separate title eng
082 ## - DEWEY DECIMAL CLASSIFICATION NUMBER
Classification number 823.308
Item number CAM / FA
100 ## - MAIN ENTRY--AUTHOR NAME
Personal name Camus, Albert
245 ## - TITLE STATEMENT
Title Fall
250 ## - EDITION STATEMENT
Edition statement 7th Imp.
260 ## - PUBLICATION, DISTRIBUTION, ETC. (IMPRINT)
Place of publication London:
Name of publisher Hamish Hamilton,
Year of publication 1957.
300 ## - PHYSICAL DESCRIPTION
Number of Pages 108pages.
650 ## - SUBJECT ADDED ENTRY--TOPICAL TERM
Topical Term English Fiction
700 ## - ADDED ENTRY--PERSONAL NAME
Personal name Justin O'Brien
942 ## - ADDED ENTRY ELEMENTS (KOHA)
Koha item type Books
Holdings
Withdrawn status Lost status Damaged status Home library Current library Shelving location Date acquired Full call number Accession Number Koha item type
Withdrawn     KAUAET Central Prison Tavanur General Stacks 14/11/2023 823.308 CAM / FA 4197 Books
free website counter